000 00773nam a2200229 i 4500
001 183096
003 ES-MaACL
005 20250805062554.0
008 140115s2001 sp | |||| ||spa d
020 _a84-8191-358-8
080 _a321.01
100 0 _aAgamben, Giorgio,
_d1942-
_918528
245 1 0 _aMedios sin fin
_b: notas sobre la política /
_cGiorgio Agamben ; traducción de Antonio Gimeno Cuspinera.
260 _aValencia :
_bPre-Textos,
_c[2001]
300 _a121 p. ;
_c19 cm.
490 1 _aPre-Textos ;
_v493.
_aEnsayo
650 4 _aPolítica-
_xFilosofía
_916274
700 0 _aGimeno Cuspinera, Antonio.
_957088
830 0 _aPre-Textos ;
_v493.
_aEnsayo
_9179721
852 _aES-MaACL
_jL-29927
_z.- Donat. Miguel A. Velasco
999 _c183096
_d183096